| 000 | 00728nam a2200241 i 4500 | ||
|---|---|---|---|
| 001 | 17245 | ||
| 003 | ES-MaACL | ||
| 005 | 20250603182914.0 | ||
| 007 | t| | ||
| 008 | 010123s2000 sp ||||0| spa j | ||
| 020 | _a84-7111-391-0 | ||
| 040 |
_aM-BN _bspa _cM-BN |
||
| 080 | _a351.778.5(460) | ||
| 080 | _a332.82(460)"1975/..." | ||
| 100 | 1 |
_aIglesias González, Felipe. _965117 |
|
| 245 | 1 | 0 |
_aAdministración pública y vivienda / _cFelipe Iglesias González. |
| 260 |
_aMadrid : _bMontecorvo, _c[2000] |
||
| 300 |
_a439 p. ; _c24 cm. |
||
| 650 | 4 |
_aVivienda- _zEspaña- _vLegislación. _917839 |
|
| 651 | 4 |
_aEspaña- _xPolítica de vivienda _98404 |
|
| 852 |
_aES-MaACL _jL-24236 _bR.129225 |
||
| 999 |
_c17245 _d17245 |
||